000 00329 a2200133 4500
001 67141
040 _cAnchieta - Pituba
100 _aRodrigo Santos
240 1 0 _a2ª Avaliação de Matemática, 1º série
_lpor
245 1 0 _a2ª Avaliação de Matemática, 1º série
362 0 _a2018
650 4 _aMatemática
942 _cBK
999 _c67141
_d67141